Statistics for Modernist Artists #2

Click here to take the quiz!

General Stats

  • This quiz has been taken 13 times
  • The average score is 7 of 15

Answer Stats

Answer% Correct
Gustav Klimt
83%
Georgia O'Keeffe
75%
Max Ernst
75%
René Magritte
75%
Egon Schiele
67%
Wassily Kandinsky
67%
Alberto Giacometti
58%
Amedeo Modigliani
58%
Marc Chagall
33%
Giorgio de Chirico
25%
Robert Delaunay
17%
Constantin Brâncuși
8%
Fernand Léger
8%
Francis Picabia
8%
František Kupka
0%

Score Distribution

Percentile by Number Answered

Percent of People with Each Score

Your Score History

You have not taken this quiz